Piłkarze Fc Barcelony - Statystyki

Ogólne statystyki
  • Ten quiz został rozwiązany 732 razy
  • Średni wynik to 15 z 26
Statystyki odpowiedzi
Piłkarz Narodowość Pozycja % Poprawnych
Lewandowski Polska Napastnik
93%
Ter Stegen Niemcy Bramkarz
92%
Gavi Hiszpania Pomocnik
83%
Pedri Hiszpania Pomocnik
83%
Araujo Urugwaj Obrońca
80%
Yamal Hiszpania Napastnik
75%
De Jong Holandia Pomocnik
73%
Kounde Francja Obrońca
73%
Christensen Dania Obrońca
67%
Pena Hiszpania Bramkarz
67%
Gundogan Niemcy Pomocnik
64%
Raphinha Brazylia Napastnik
61%
Cancelo Portugalia Obrońca
59%
Felix Portugalia Napastnik
59%
Torres Hiszpania Napastnik
59%
Balde Hiszpania Obrońca
57%
Roque Brazylia Napastnik
51%
Cubarsi Hiszpania Obrońca
50%
Martinez Hiszpania Obrońca
44%
Lopez Hiszpania Pomocnik
40%
Romeu Hiszpania Pomocnik
37%
Fort Hiszpania Obrońca
33%
Roberto Hiszpania Pomocnik
33%
Guiu Hiszpania Napastnik
26%
Alonso Hiszpania Obrońca
23%
Astralaga Hiszpania Bramkarz
19%
Nie znaleziono quizów pasujących do podanych kryteriów
Rozkład punktacji
Procent ludzi z każdym wynikiem
Percentyl według liczby udzielonych odpowiedzi
Twoja historia wyników
Nie rozwiązałeś tego quizu